Intelligence and strategic culture / (Record no. 13883)
[ view plain ]
| 000 -LEADER | |
|---|---|
| fixed length control field | 02049nam a2200289 a 4500 |
| 001 - CONTROL NUMBER | |
| control field | ASIN0415523540 |
| 005 - DATE AND TIME OF LATEST TRANSACTION | |
| control field | 20170105102841.0 |
| 008 - FIXED-LENGTH DATA ELEMENTS--GENERAL INFORMATION | |
| fixed length control field | 130802s2012 xxu eng d |
| 020 ## - INTERNATIONAL STANDARD BOOK NUMBER | |
| International Standard Book Number | 0415523540 (hardcover) |
| Terms of availability | $145.00 |
| 020 ## - INTERNATIONAL STANDARD BOOK NUMBER | |
| International Standard Book Number | 9780415523547 (hardcover) |
| 040 ## - CATALOGING SOURCE | |
| Original cataloging agency | 0 |
| 050 04 - LIBRARY OF CONGRESS CALL NUMBER | |
| Classification number | JF1525.I6 |
| 082 04 - DEWEY DECIMAL CLASSIFICATION NUMBER | |
| Classification number | 355.00941 |
| 245 10 - TITLE STATEMENT | |
| Title | Intelligence and strategic culture / |
| Statement of responsibility, etc. | Isabelle Duyvesteyn. |
| 250 ## - EDITION STATEMENT | |
| Edition statement | 1st ed. |
| 260 ## - PUBLICATION, DISTRIBUTION, ETC. | |
| Place of publication, distribution, etc. | [S.l.] : |
| Name of publisher, distributor, etc. | Routledge, |
| Date of publication, distribution, etc. | 2012. |
| 300 ## - PHYSICAL DESCRIPTION | |
| Extent | 112 p. ; |
| Dimensions | 26 cm. |
| 520 ## - SUMMARY, ETC. | |
| Summary, etc. | Reliable information on potential security threats is not just the result of diligent intelligence work but also a product of context and culture. The volume explores the nexus between the intelligence process and strategic culture. How can and does the strategic outlook of the United States and the United Kingdom in particular, influence the intelligence gathering, assessment and dissemination process? This book contains an assessment of how political agendas and ideological outlook have significant influence on both the content and process of intelligence. It looks in particular at the premise of hearts and minds policies, culture and intelligence gathering in counterinsurgency operations; at case studies from imperial Malaya and Iran in the 1950s and at instances of intelligence failure, e.g. the case of Iraq in 2003. How was intelligence, or the lack thereof, a product of political culture and how did it play a role in the political praxis? The book shows that political agendas and the ideological outlook have a significant influence upon both the content and process of intelligence. This book was originally published as a special issue of Intelligence and National Security . |
| 650 #0 - SUBJECT ADDED ENTRY--TOPICAL TERM | |
| Topical term or geographic name entry element | Great Britain |
| 650 #0 - SUBJECT ADDED ENTRY--TOPICAL TERM | |
| Topical term or geographic name entry element | Intelligence service |
| 650 #0 - SUBJECT ADDED ENTRY--TOPICAL TERM | |
| Topical term or geographic name entry element | Political science--Decision making |
| 650 #0 - SUBJECT ADDED ENTRY--TOPICAL TERM | |
| Topical term or geographic name entry element | Strategic culture |
| 650 #0 - SUBJECT ADDED ENTRY--TOPICAL TERM | |
| Topical term or geographic name entry element | United States |
| 700 1# - ADDED ENTRY--PERSONAL NAME | |
| Personal name | Duyvesteyn, Isabelle. |
| 856 40 - ELECTRONIC LOCATION AND ACCESS | |
| Materials specified | Amazon.com |
| Uniform Resource Identifier | <a href="http://www.amazon.com/exec/obidos/ASIN/0415523540/chopaconline-20">http://www.amazon.com/exec/obidos/ASIN/0415523540/chopaconline-20</a> |
| 942 ## - ADDED ENTRY ELEMENTS (KOHA) | |
| Source of classification or shelving scheme | |
| Koha item type | Book |
| Withdrawn status | Lost status | Damaged status | Not for loan | Collection code | Permanent Location | Current Location | Shelving location | Date acquired | Total Checkouts | Full call number | Barcode | Date last seen | Price effective from | Koha item type |
|---|---|---|---|---|---|---|---|---|---|---|---|---|---|---|
| Centre for International Peace & Stability (CIPS) | Centre for International Peace & Stability (CIPS) | General Stacks | 08/01/2013 | 355.00941 INT 2013 | CIPS0000068 | 08/02/2013 | 01/05/2017 | Book | ||||||
| Centre for International Peace & Stability (CIPS) | Centre for International Peace & Stability (CIPS) | General Stacks | 10/01/2013 | 355.00941 INT 2013 | CIPS0001322 | 10/22/2013 | 10/22/2013 | Book |
